| 000 | 00352nam a2200133Ia 4500 | ||
|---|---|---|---|
| 008 | 220217s9999||||xx |||||||||||||| ||und|| | ||
| 020 | _a81-7554-280-2 | ||
| 082 | _a410 RUS | ||
| 100 |
_aRussell, Ken and Carter, Philip _95644 |
||
| 245 | 0 | _abook of IQ tests | |
| 260 |
_aKogan Page _bNew Delhi _c2008 |
||
| 300 | _b150 | ||
| 650 | _aGENERAL BOOKS | ||
| 999 |
_c176713 _d176713 |
||